<?xml version="1.0" encoding="UTF-8"?>
<marc:record xmlns:marc="http://www.loc.gov/MARC21/slim">
   <marc:leader>00000nam a2200000 a 4500</marc:leader>
   <marc:datafield ind1="1" ind2=" " tag="100">
      <marc:subfield code="a">Schleip, Thilo</marc:subfield>
      <marc:subfield code="4">aut</marc:subfield>
      <marc:subfield code="e">Verfasser/-in</marc:subfield>
   </marc:datafield>
   <marc:datafield ind1=" " ind2=" " tag="653">
      <marc:subfield code="a">Fructoseunverträglichkeit</marc:subfield>
   </marc:datafield>
   <marc:datafield ind1=" " ind2=" " tag="653">
      <marc:subfield code="a">Lebensmittel</marc:subfield>
   </marc:datafield>
   <marc:datafield ind1=" " ind2=" " tag="653">
      <marc:subfield code="a">Einkaufen</marc:subfield>
   </marc:datafield>
   <marc:datafield ind1=" " ind2=" " tag="653">
      <marc:subfield code="a">Ratgeber</marc:subfield>
   </marc:datafield>
   <marc:datafield ind1="0" ind2="0" tag="245">
      <marc:subfield code="a">Richtig einkaufen bei Fructose-Intoleranz</marc:subfield>
   </marc:datafield>
   <marc:datafield ind1="0" ind2="0" tag="245">
      <marc:subfield code="b">für Sie bewertet: über 1100 Fertigprodukte und Lebensmittel</marc:subfield>
   </marc:datafield>
   <marc:datafield ind1="0" ind2="0" tag="245">
      <marc:subfield code="c">Thilo Schleip</marc:subfield>
   </marc:datafield>
   <marc:datafield ind1=" " ind2="1" tag="264">
      <marc:subfield code="a">Stuttgart</marc:subfield>
      <marc:subfield code="b">TRIAS</marc:subfield>
      <marc:subfield code="c">2008</marc:subfield>
   </marc:datafield>
   <marc:datafield ind1=" " ind2=" " tag="250">
      <marc:subfield code="a">2., aktualisierte Neuaufl.</marc:subfield>
   </marc:datafield>
   <marc:datafield ind1="1" ind2=" " tag="520">
      <marc:subfield code="a">Angaben aus der Verlagsmeldung

Richtig einkaufen bei Fructose-Intoleranz : Für Sie bewertet: Über 1100 Fertigprodukte und Lebensmittel / von Thilo Schleip

Lebensmittel gezielt auswählen
So klappt´s: Genussvoll essen und trinken ohne Fruchtzucker. Mit diesem hilfreichen Einkaufsführer treffen Sie garantiert die richtige Wahl.
Im Supermarkt, Restaurant und unterwegs
Über 1000 Nahrungsmittel, Fertiggerichte, Snacks, Restaurant-Speisen, Fast-Food in praktischen Tabellen für Sie auf dem Prüfstand.
Auf einen Blick für Sie bewertet
Schnell und sicher: Mit farbigem Bewertungs-System. So sehen Sie sofort, welche Nahrungsmittel für Sie bestens und welche weniger geeignet sind.
Thilo Schleip ist Autor mehrerer erfolgreicher Gesundheits-Ratgeber. Er ist selbst von Laktose-Intoleranz betroffen und betreibt unter www.laktonova.de ein führendes Internet-Portal zu diesem Thema. Seine Firma Laktonova bietet Betroffenen darüber hinaus ein speziell abgestimmtes Sortiment an Gesundheitsprodukten an
</marc:subfield>
   </marc:datafield>
   <marc:datafield ind1=" " ind2=" " tag="020">
      <marc:subfield code="a">9783830434641</marc:subfield>
      <marc:subfield code="9">9783830434641</marc:subfield>
   </marc:datafield>
   <marc:datafield ind1=" " ind2=" " tag="041">
      <marc:subfield code="a">ger</marc:subfield>
   </marc:datafield>
   <marc:datafield ind1=" " ind2=" " tag="300">
      <marc:subfield code="a">105 S.</marc:subfield>
   </marc:datafield>
</marc:record>
